| 000 | 01601nam a2200373 a 4500 | ||
|---|---|---|---|
| 001 | ebr5007296 | ||
| 003 | CaPaEBR | ||
| 006 | m u | ||
| 007 | cr cn||||||||| | ||
| 008 | 950627s1996 ctu sb 001 0 eng | ||
| 010 | _z 95033071 | ||
| 020 | _z0313288542 (alk. paper) | ||
| 040 |
_aCaPaEBR _cCaPaEBR |
||
| 035 | _a(OCoLC)55690443 | ||
| 050 | 1 | 4 |
_aPR9080 _b.E55 1996eb |
| 082 | 0 | 4 |
_a820.9/9171241 _220 |
| 245 | 0 | 0 |
_aEnglish postcoloniality _h[electronic resource] : _bliteratures from around the world / _cedited by Radhika Mohanram and Gita Rajan. |
| 260 |
_aWestport, Conn. : _bGreenwood Press, _c1996. |
||
| 300 | _aviii, 216 p. | ||
| 490 | 1 |
_aContributions to the study of world literature, _x0738-9345 ; _vno. 66 |
|
| 504 | _aIncludes bibliographical references (p. [203]-206) and index. | ||
| 533 |
_aElectronic reproduction. _bPalo Alto, Calif. : _cebrary, _d2013. _nAvailable via World Wide Web. _nAccess may be limited to ebrary affiliated libraries. |
||
| 650 | 0 |
_aCommonwealth literature (English) _xHistory and criticism. |
|
| 650 | 0 | _aIndigenous peoples in literature. | |
| 650 | 0 | _aDecolonization in literature. | |
| 651 | 0 |
_aCommonwealth countries _xIn literature. |
|
| 651 | 0 |
_aDeveloping countries _xIn literature. |
|
| 655 | 7 |
_aElectronic books. _2local |
|
| 700 | 1 | _aMohanram, Radhika. | |
| 700 | 0 |
_aGita Rajan, _d1952- |
|
| 710 | 2 | _aebrary, Inc. | |
| 830 | 0 |
_aContributions to the study of world literature ; _vno. 66. |
|
| 856 | 4 | 0 |
_uhttp://site.ebrary.com/lib/rucke/Doc?id=5007296 _zAn electronic book accessible through the World Wide Web; click to view |
| 999 |
_c6703 _d6703 |
||